000 00678cam a22002413a 4500
001 18275
003 PGUSA
005 20140828083405.0
008 060428s2006||||xxu|||||s|||||000 1 eng d
040 _aPGUSA
_beng
042 _adc
050 4 _aPZ
100 1 _aMolesworth,
_cMrs,
_d1839-1921
245 1 4 _aThe Rectory Children
_h[electronic resource] /
_cMolesworth,
260 _bProject Gutenberg,
_c2006
506 _aPublic domain in the USA.
516 _aElectronic text
653 _aFriendship -- Juvenile fiction
700 1 _aCrane, Walter,
_d1845-1915
830 0 _aProject Gutenberg
_v18275
856 4 0 _uhttp://www.gutenberg.org/ebooks/18275
942 _cEB
999 _c247530
_d247530